| 000 | 00675nam a2200169 i 4500 | ||
|---|---|---|---|
| 001 | 57197 | ||
| 003 | ES-MaACL | ||
| 005 | 20230906163531.0 | ||
| 007 | t| | ||
| 008 | 031015q19101919sp ||||1| spa d | ||
| 245 | 0 | 0 |
_aDocumentos diplomáticos _b: 1905-1914 : comunicaciones enviadas por los representantes de Bélgica en Berlín, Londres y París al ministro de negocios extranjeros en Bruselas. |
| 260 |
_aBarcelona : _bServicio Alemán de Informaciones, _c[1915-?] |
||
| 300 |
_a320 p. : _bfacs. ; _c23 cm. |
||
| 650 | 0 | 4 |
_aGuerra mundial, 1914-1918- _xHistoria diplomática. _913221 |
| 650 | 4 |
_aGuerra mundial, 1914-1918- _zBélgica. _9158946 |
|
| 852 |
_aES-MaACL _jB-12243 |
||
| 999 |
_c57197 _d57197 |
||